00614nam a2200217 a 45000010005000000030009000050080041000140200015000550400028000700820015000981000018001132450060001312600058001913000010002496500020002596500021002796500039003006500025003396500014003646500018003789972CO-ViMGA141112s2004 ck r 000 u spa d a9582808799 aCO-ViMGAbspacCO-ViMGA04a155.3 G71m1 aGray ; John, 10aMarte y Venus en la cama : bHacia una sexualidad plena aSantafé de Bogotá : bCirculo de Lectores, c1996 a206p.14aANATOMIA SEXUAL14aCONFIANZA SEXUAL14aMANTENER VIVA LA MAGIA DEL ROMANCE14aMONOGAMIA APASIONADA14aSEXO ORAL14aSEXO Y PASION